| 000 | 00917 a2200181 4500 | ||
|---|---|---|---|
| 003 | Nust | ||
| 005 | 20230206111322.0 | ||
| 040 | _cNust | ||
| 082 | _a954.9042,WOR | ||
| 100 |
_aDani, Ahmad Hasan _93723 |
||
| 245 |
_aWorld scholars on Quaid-i-Azam Mohammad Ali Jinnah / _cProf. Ahmad Hasan Dani, |
||
| 260 |
_aQuaidi-Azam university _bIslamabad _c1979 |
||
| 300 |
_a436 p _billus _cdigars _e28 cm |
||
| 505 | _aIntroduction (Page-1), Documents (Page-25), Quaid-i-Azam : The Man and his Family (Page-49), Formative Experiences (Page-73), The Great Decision (Page-135), March Towards Destiny (Page-163), Final Goal (1940-47) (Page-239), The Governor General of Pakistan (Page-287), Quaid-i-Azam and People Around (Page-313), Quaid-i-Azam in the Eyes of Foreigners (Page-349), Mohammad Ali Jinnah the Quaid-i-Azam (Page-377). | ||
| 600 |
_aDani, Ahmad Hasan _93723 |
||
| 650 |
_aQuaid-i-Azam _9108479 |
||
| 942 |
_2ddc _cBK |
||
| 999 |
_c187520 _d187520 |
||